LDR 01007naa#a2200181#i#450# 001 RU\\bibl\19928 005 20260701233112.3 100 ## _a20260630b2026####ek#y0rusy0150####ca 102 ## _aRU 200 1# _aМОДЕЛИ ДЕГРАДАЦИИ ПРОИЗВОДИТЕЛЬНОСТИ ВИРТУАЛИЗИРОВАННЫХ СИСТЕМ ПРИ РЕСУРСНЫХ КОНФЛИКТАХ _eСтатья/тезисы конференции 210 1# _aВоронеж _cВоронежский государственный лесотехнический университет имени Г.Ф. Морозова _d2026 215 ## _a5 с. 608 ## _aСтатья/тезисы конференции _2local 675 ## _aИнформационные технологии. Компьютерные технологии. Теория вычислительных машин и систем. 004 _z 700 #1 _aГоловин _gВ. А. 700 #1 _aКандауров _gИ. А. 700 #1 _aАлексеев _gВ. Р. 856 4# _abibl.vgltu.ru _u